| 000 | 00587nam a22002177a 4500 | ||
|---|---|---|---|
| 999 |
_c21006 _d21006 |
||
| 003 | OSt | ||
| 005 | 20210407131343.0 | ||
| 008 | 170123b xxu||||| |||| 00| 0 eng d | ||
| 020 | _a0452284252 | ||
| 040 |
_aMMU _beng _cMMU _dMMU |
||
| 050 | _aTR140.G696 2003 | ||
| 100 | _aGrimm Tom | ||
| 245 |
_aThe basic book of photography: _bThe classic Guide/ _cTom grimm |
||
| 250 | _a5th ed. | ||
| 260 |
_aNew York: _bPenguin group, _c2003. |
||
| 300 |
_axxi,650 p. : _bill . ; |
||
| 500 | _aIncludes index | ||
| 650 |
_aPhotography _9482 |
||
| 700 | _aMichele grimm | ||
| 942 |
_2lcc _cLOAN LOAN |
||